|
|
|
|
| LEADER |
00936nam a22002537a 4500 |
| 001 |
40533 |
| 003 |
BD-DhAAL |
| 008 |
220110t2007 enk 000 1 eng d |
| 020 |
|
|
|a 9780263850178
|
| 040 |
|
|
|a BD-DhAAL
|c BD-DhAAL
|
| 082 |
|
|
|a 813.08508054
|2 23
|
| 100 |
|
|
|a Betts, Heidi.
|9 53310
|
| 245 |
|
|
|a Mr and mistress /
|c Heidi Betts, Charlene Sands.
|
| 260 |
|
|
|a Richmond :
|b Mills & Boon,
|c 2007.
|
| 300 |
|
|
|a 184 pages ;
|c 17 cm.
|
| 490 |
|
|
|a Desire 2 in 1 ;
|v DD207
|
| 541 |
|
|
|a Donated By Akbar Ali Khan
|e 40533
|
| 650 |
|
|
|a Love stories, American.
|9 53312
|
| 700 |
|
|
|a Sands, Charlene.
|9 53313
|
| 830 |
|
|
|a Desire 2 in 1 ;
|v DD207
|9 53311
|
| 852 |
|
|
|a Ayesha Abed Library
|c Akbar Ali Khan Collection
|
| 942 |
|
|
|2 ddc
|c BK
|
| 999 |
|
|
|c 45433
|d 45433
|
| 952 |
|
|
|0 0
|1 0
|2 ddc
|4 0
|6 813_085080540000000_BET
|7 1
|9 72850
|a BRACUL
|b BRACUL
|c AAKC
|d 2023-01-10
|e Donated By Akbar Ali Khan
|g 250.00
|l 0
|o 813.08508054 BET
|p 3010040533
|r 2025-06-26
|t 1
|w 2023-01-10
|y BK
|